000 00578nam a22001937a 4500
090 _c10483
008 090128t xxu||||| |||| 00| 0 eng d
020 _a0071101918
082 _222
_a513.14
_bBAR
245 _aBasic mathematical skills with geometry/
_cStefano Baratto & Barry Bergman
250 _a7th ed.
260 _aBoston:
_bMcGraw-Hill,
_c2008
300 _a1 v.:
_bCol ill.;
_c25 cm.
500 _aIncludes index
942 _2ddc
_cBB
_hRDA-MOD
999 _c10483
_d10483
336 _2rdacontent
_atext
_btxt
337 _aunmediated
_2rdamedia
_bn
338 _avolume
_bnc
_2rdacarrier